| 000 | 00358nam a22001457a 4500 | ||
|---|---|---|---|
| 008 | 240318b ||||| |||| 00| 0 eng d | ||
| 020 | _a9780226525877 | ||
| 041 | _aeng | ||
| 080 |
_21997 _a610.73 |
||
| 082 | _a610.73MIL | ||
| 100 | _a5 | ||
| 101 | _aMJEKSI E PERGJITHSHME | ||
| 245 |
_aDEMANDING MEDICAL EXELLENCE _cMICHAEL L,MILLENSON |
||
| 942 |
_2udc _cBK |
||
| 999 |
_c60607 _d60607 |
||